000 00294nam a2200109Ia 4500
008 210107s9999 xx 000 0 und d
100 _aCockroft. A.N.
245 0 _aNichol's Seamanship & Nautical Nautical Knowledge
260 _aGlasgow
_bBrown Son & Ferguson Ltd
300 _a383
942 _cBK
999 _c11345
_d11345